| 000 | 00787 a2200229 4500 | ||
|---|---|---|---|
| 003 | OSt | ||
| 005 | 20230327143650.0 | ||
| 008 | 220726s2016 sp a||||r|||| 00| 0 spa d | ||
| 020 | _a9788416758159 | ||
| 040 | _cCHAP | ||
| 082 | 0 | 0 |
_a631.587 _bC31 _222 |
| 100 | 1 |
_9186561 _aCarretero Martínez, Francisco |
|
| 245 | 1 | 0 |
_a Programación y control del riego y la fertilización de los cultivos / _cpor Francisco Carretero Martínez |
| 264 |
_aAntequera, Malaga : _bIC Editores, _c2016. |
||
| 300 |
_aiv, 264 páginas. _bilustraciones. |
||
| 504 | _aIncluye bibliografía. | ||
| 650 | 2 |
_9106772 _aSistemas de riego |
|
| 650 | 2 |
_940450 _aFertilizantes _xAplicación |
|
| 650 | 2 |
_940553 _aFertilizantes _xEfecto en suelos |
|
| 650 | 2 |
_9143611 _aManejo de la irrigación |
|
| 942 |
_2ddc _cLIBRO |
||
| 999 |
_c217388 _d217388 |
||